World Grand Prix Darts Winners - Statistics

General Stats
  • This quiz has been taken 10 times
  • The average score is 23 of 28
Answer Stats
Year Country Winner % Correct
2025 England Luke Littler
100%
2022 Netherlands Michael van Gerwen
100%
2019 Netherlands Michael van Gerwen
100%
2018 Netherlands Michael van Gerwen
100%
2016 Netherlands Michael van Gerwen
100%
2014 Netherlands Michael van Gerwen
100%
2012 Netherlands Michael van Gerwen
100%
2013 England Phil Taylor
100%
2011 England Phil Taylor
100%
2009 England Phil Taylor
100%
2008 England Phil Taylor
100%
2006 England Phil Taylor
100%
2005 England Phil Taylor
100%
2003 England Phil Taylor
100%
2002 England Phil Taylor
100%
2000 England Phil Taylor
100%
1999 England Phil Taylor
100%
1998 England Phil Taylor
100%
2020 Wales Gerwyn Price
78%
2021 Wales Jonny Clayton
78%
2023 England Luke Humphries
78%
2017 Northern Ireland Daryl Gurney
56%
2010 England James Wade
44%
2007 England James Wade
44%
2024 Belgium Mike De Decker
44%
2015 Scotland Robert Thornton
33%
2001 England Alan Warriner
22%
2004 England Colin Lloyd
22%
No matching quizzes found
Score Distribution
Percent of People with Each Score
Percentile by Number Answered
Your Score History
You have not taken this quiz